Discursos leídos en la sesión inaugural del año académico de 1889 á 1890 de la Sociedad Ginecológica Española (Record no. 167230)

MARC details
000 -LEADER
campo de control de longitud fija 00885nam a22001935i 4500
001 - NÚMERO DE CONTROL
campo de control 167230
003 - IDENTIFICADOR DE NÚMERO DE CONTROL
campo de control ES-MaACL
005 - FECHA Y HORA DE LA ÚLTIMA TRANSACCIÓN
campo de control 20230906213500.0
008 - DATOS DE LONGITUD FIJA--INFORMACIÓN GENERAL
campo de control de longitud fija 000728s1889 sp |||| | spa d
040 ## - FUENTE DE CATALOGACIÓN
Centro catalogador/agencia de origen CCPB | B
Lengua de catalogación spa
Centro/agencia transcriptor CCPB | B
100 1# - ENTRADA PRINCIPAL--NOMBRE DE PERSONA
Nombre de persona Verdonces, Enrique.
9 (RLIN) 133632
245 10 - MENCIÓN DEL TÍTULO
Título Discursos leídos en la sesión inaugural del año académico de 1889 á 1890 de la Sociedad Ginecológica Española
Resto del título : verificada el día 4 de diciembre de 1889 /
Mención de responsabilidad, etc. por Enrique Verdonces y Enrique Oliván y Sanz.
260 ## - PUBLICACIÓN, DISTRIBUCIÓN, ETC.
Lugar de publicación, distribución, etc. Madrid :
Nombre del editor, distribuidor, etc. [s.n],
Fecha de publicación, distribución, etc. 1889 (
Fabricante establecimiento tipográfico de Enrique Teodoro)
300 ## - DESCRIPCIÓN FÍSICA
Extensión 48 p. ;
Dimensiones 26 cm.
610 24 - PUNTO DE ACCESO ADICIONAL DE MATERIA--NOMBRE DE ENTIDAD CORPORATIVA
Nombre de entidad corporativa o nombre de jurisdicción como elemento de entrada Sociedad Ginecológica Española.
9 (RLIN) 6779
700 21 - ENTRADA AGREGADA--NOMBRE PERSONAL
Nombre de persona Oliván y Sanz, Enrique.
9 (RLIN) 130636
852 ## - LOCALIZACIÓN
Ubicación ES-MaACL
Número de control de estantería Fol-Laf-101
Nota libre -- Rúst.
852 ## - LOCALIZACIÓN
Ubicación ES-MaACL
Número de control de estantería T-524-F-7
Nota libre -- Enc. hol., falto de la cub. original
-- -- Enc. en un vol. facticio
Holdings
Estatus retirado Estado de pérdida Estado de daño No para préstamo Colección Biblioteca de origen Biblioteca actual Ubicación en estantería Fecha de adquisición Total de préstamos Signatura topográfica completa Código de barras Visto por última vez Precio de reemplazo Tipo de ítem Koha Fuente de adquisición
        Colección de folletos Biblioteca del Ateneo de Madrid Biblioteca del Ateneo de Madrid Depósito folletos 17/01/2008   T-524-F-7 1175429 23/02/2023 23/02/2023 Folleto  
        Colección de folletos Biblioteca del Ateneo de Madrid Biblioteca del Ateneo de Madrid Depósito folletos 17/01/2008   Fol-Laf-101 1175428 23/02/2023 23/02/2023 Folleto